LIBRARY & INFORMATION CENTRE, KCAET, TAVANUR

ONLINE PUBLIC ACCESS CATALOGUE (OPAC)

Planning for Efficient Soil and Water Management for Village Islam Nagar (Record no. 19432)

MARC details
000 -LEADER
fixed length control field 00369nam a22001217a 4500
003 - CONTROL NUMBER IDENTIFIER
control field OSt
008 - FIXED-LENGTH DATA ELEMENTS--GENERAL INFORMATION
fixed length control field 250221b |||||||| |||| 00| 0 eng d
041 ## - LANGUAGE CODE
Language code of text/sound track or separate title eng
100 ## - MAIN ENTRY--AUTHOR NAME
Personal name Bhandarkar, DM
245 ## - TITLE STATEMENT
Title Planning for Efficient Soil and Water Management for Village Islam Nagar
260 ## - PUBLICATION, DISTRIBUTION, ETC. (IMPRINT)
Place of publication Bhopal,
Name of publisher Central Institute of Agricultural Engineering,
Year of publication 1986.
942 ## - ADDED ENTRY ELEMENTS (KOHA)
Koha item type Books
Holdings
Withdrawn status Lost status Damaged status Home library Current library Date acquired Source of acquisition Cost, normal purchase price Accession Number Koha item type Public note
Withdrawn     KAUAET KAUAET 21/02/2025 Central Institute of Agricultural Engineering, Bhopal 20.00 20487 Books Withdrawn as per order no A3-1008/2003 dated 25/04/2003
free website counter